000 00198 a2200097 4500
001 55521
100 _a
245 _aCANDU
260 _aLhaore
_bDoare broth.
_c2007
090 _c34458
_d34458
942 _aNUST-CAE
_cMONOGRAPH
_c27178
999 _c290594
_d290594